Created by ChatGPT: Geography of the World - Statistics

General Stats
  • This quiz has been taken 76 times
  • The average score is 10 of 15
Answer Stats
ChatGPT Question Answer % Correct
What is the capital of Canada? Ottawa
89%
What is the name of the world's largest desert? Sahara
88%
What is the largest country in South America? Brazil
84%
What is the highest mountain in Africa? Mount Kilimanjaro
82%
What is the capital of Japan? Tokyo
80%
Which country is located at the southernmost point of the African continent? South Africa
79%
What is the largest ocean in the world? Pacific Ocean
73%
What is the largest island in the world? Greenland
71%
What is the smallest continent? Australia
68%
What is the capital of Italy? Rome
57%
What is the largest country in the world by land area? Russia
57%
What is the name of the world's longest river? Nile
54%
What is the capital of Egypt? Cairo
46%
What is the name of the world's largest coral reef system? Great Barrier Reef
45%
What is the name of the mountain range that runs along the western coast of South America? Andes
43%
No matching quizzes found
Score Distribution
Percent of People with Each Score
Percentile by Number Answered
Your Score History
You have not taken this quiz